000 01300cam a22003497a 4500
003 CHAP
005 20220329142351.0
008 001006d1999 mx r 00110 spa d
010 _a82469
011 _a83441
035 _a93954
040 _cCHAP
090 _aTesis
100 0 0 _aMena Sandoval, Jovita.
_974535
245 1 0 _aEvaluación de diferentes estrategias alimenticias en conejos post-destete utilizando soya forrajera henificada (Glycine Max (L). Merrill)
_c/por Jovita Mena Sandoval.
260 _aCocula, Guerrero :
_bEl autor,
_c1999.
300 _a39 h. :
_bcuads.
502 _aTesis (Ing. Agr. Zootecnista) -- Colegio Superior Agropecuario del Estado de Guerrero. Centro de Estudios Profesionales.
590 _aALEPH
_b10
_c20130110
_lUCH01
_h1438
590 _aBATCH-UPD
_b10
_c20130110
_lUCH01
_h0340
590 _aBATCH-UPD
_b10
_c20130410
_lUCH01
_h0013
590 _aBATCH-UPD
_b10
_c20130914
_lUCH01
_h1027
590 _aCONVERSION
_b10
_c20130109
_lUCH01
_h1346
650 1 4 _aConejos
_xAlimentación.
_926353
650 1 4 _aConejos
_xDestete.
_926359
650 1 4 _aSoya como forraje.
_9109101
901 _aBK
905 _aEdna Luz
942 _cFOLL
949 _aTesis
_bBC
_cTES
_d33724000839031
_eTS2
_fc.2
_h38260
_i93954
_si
949 _bBC
_cTES
_d939541
_eTS1
_h37153
_i93954
_sb
999 _c82469
_d82469